| 000 | 00437nam a2200169Ia 4500 | ||
|---|---|---|---|
| 005 | 20250423101508.0 | ||
| 008 | 250422s9999 xx 000 0 und d | ||
| 020 | _a0-312-87076-0 | ||
| 050 | _aHF 5861 .W53/ | ||
| 245 | 4 | _aThe wholesale-by-mail catalog iii | |
| 260 | _aNew York | ||
| 260 | _bSt. Martin’s Press | ||
| 260 | _c1982 | ||
| 300 | _a504 p | ||
| 650 | _aAdvertising, Direct mail- United State Commercial | ||
| 942 | _cBK | ||
| 999 |
_c36450 _d36450 |
||